[Event "I Open Internacional 64 Villalba 2013"]
[Site "Collado Villalba ESP"]
[Date "2013.07.30"]
[Round "4.15"]
[White "Sanz Varea, Jose M"]
[Black "Porras Fernandez, Alberto"]
[Result "0-1"]
[WhiteElo "1900"]
[BlackElo "1668"]
[PlyCount "78"]
[EventDate "2013.07.27"]
[EventType "swiss"]
[EventRounds "9"]
[EventCountry "ESP"]
[Source "lmi"]
[SourceDate "2013.07.27"]

1. e4 c5 2. c4 e5 3. Nc3 Ne7 4. d3 d6 5. g3 Nbc6 6. Bg2 g6 7. Bg5 h6 8. Bf6 Rh7
9. Nd5 Bg7 10. Qa4 Bd7 11. Bh3 Nd4 12. Bxg7 Nxd5 13. Bxd7+ Qxd7 14. Qd1 Nb4 15.
Bf6 Nbc2+ 16. Kd2 Nxa1 17. Qxa1 Qe6 18. Ne2 Nxe2 19. Kxe2 Qxf6 20. Rf1 g5 21.
b4 Qe6 22. bxc5 dxc5 23. Qb2 O-O-O 24. Rb1 b6 25. Qa3 f6 26. Qa6+ Kb8 27. a4
Qd7 28. Rb3 Qb7 29. Qb5 Kc7 30. a5 Ra8 31. Qa4 Qc6 32. Qa3 Rhh8 33. a6 h5 34.
Qa1 Qd7 35. f3 Qh3 36. Qg1 g4 37. Qf2 gxf3+ 38. Kxf3 Rhg8 39. Rb2 Kc6 0-1

[Event "I Open Internacional 64 Villalba 2013"]
[Site "Collado Villalba ESP"]
[Date "2013.07.30"]
[Round "4.16"]
[White "Orantes Sanz, Ricardo"]
[Black "Fernandez Aransay, Fernando"]
[Result "0-1"]
[WhiteElo "1600"]
[BlackElo "1889"]
[PlyCount "60"]
[EventDate "2013.07.27"]
[EventType "swiss"]
[EventRounds "9"]
[EventCountry "ESP"]
[Source "lmi"]
[SourceDate "2013.07.27"]

1. Nf3 d5 2. c4 e6 3. g3 b6 4. Bg2 Bb7 5. a3 c5 6. O-O Nf6 7. Re1 Be7 8. d3 O-O
9. Nbd2 Nbd7 10. Rb1 Qc7 11. b4 Rac8 12. b5 Rfe8 13. Qc2 Rcd8 14. a4 Bf8 15.
Nb3 e5 16. Bd2 e4 17. Nh4 exd3 18. exd3 dxc4 19. Qxc4 Bxg2 20. Nxg2 Ne5 21.
Rxe5 Qxe5 22. Ne3 Qe6 23. Qc2 Qd7 24. Rd1 Qxd3 25. Qa2 Qe4 26. Re1 Qf3 27. a5
Ne4 28. Bc1 c4 29. Nd2 Rxd2 30. Bxd2 Qxf2+ 0-1

[Event "I Open Internacional 64 Villalba 2013"]
[Site "Collado Villalba ESP"]
[Date "2013.07.30"]
[Round "4.17"]
[White "Lozano Sanchez, Jose Antonio"]
[Black "Romero Jaime, Pedro"]
[Result "1-0"]
[WhiteElo "1863"]
[BlackElo "1620"]
[PlyCount "67"]
[EventDate "2013.07.27"]
[EventType "swiss"]
[EventRounds "9"]
[EventCountry "ESP"]
[Source "lmi"]
[SourceDate "2013.07.27"]

1. e4 e5 2. Nf3 Qe7 3. Nc3 Nf6 4. Bc4 h6 5. d3 d6 6. h3 Be6 7. Bb3 Nbd7 8. Be3
Bxb3 9. axb3 c6 10. O-O a6 11. Re1 Qd8 12. Nh2 Be7 13. f4 exf4 14. Bxf4 g5 15.
Bg3 Qc7 16. Nf3 O-O-O 17. e5 Nh5 18. Bf2 Nxe5 19. Nxe5 dxe5 20. Qxh5 f5 21. Na4
c5 22. Qf7 Kb8 23. Qxf5 Rhf8 24. Qe4 Rf4 25. Qe3 Rxf2 26. Kxf2 c4 27. bxc4 b5
28. cxb5 axb5 29. Qxe5 Rf8+ 30. Kg1 Bd6 31. Qxb5+ Qb7 32. Re8+ Rxe8 33. Qxe8+
Kc7 34. Qf7+ 1-0

[Event "I Open Internacional 64 Villalba 2013"]
[Site "Collado Villalba ESP"]
[Date "2013.07.30"]
[Round "4.18"]
[White "Picazo Sancho, Alvaro"]
[Black "Cabrera Jimenez, Julio"]
[Result "1-0"]
[WhiteElo "1521"]
[BlackElo "1851"]
[PlyCount "137"]
[EventDate "2013.07.27"]
[EventType "swiss"]
[EventRounds "9"]
[EventCountry "ESP"]
[Source "lmi"]
[SourceDate "2013.07.27"]

1. e4 c5 2. Nf3 d6 3. d4 cxd4 4. Nxd4 Nf6 5. Nc3 a6 6. Be2 e5 7. Nb3 Be7 8. O-O
O-O 9. Kh1 b5 10. a4 b4 11. Nd5 Nc6 12. Nxe7+ Nxe7 13. f3 Bb7 14. Be3 a5 15.
Qd2 Qc7 16. Rfd1 Rfd8 17. Rac1 Bc6 18. Bb5 Bxb5 19. axb5 Qb7 20. b6 Nc8 21. Nc5
Qxb6 22. Ne6 Qc6 23. Nxd8 Qc7 24. Nxf7 Kxf7 25. Bg5 Ra6 26. Bxf6 Kxf6 27. Qd5
Ne7 28. Qd3 Rc6 29. h4 Ng6 30. g3 Qc8 31. Kh2 Nf8 32. c3 Ne6 33. Qd2 bxc3 34.
Rxc3 Nc5 35. Qg5+ Kf7 36. Qf5+ Qxf5 37. exf5 Rb6 38. Rc2 Ke7 39. Ra1 a4 40. Ra3
Rb5 41. Rd2 Kd7 42. g4 Rb4 43. Rc3 Nb3 44. Re2 Nd4 45. Rd2 Nb5 46. Rcd3 Rf4 47.
Kg3 Kc6 48. Re3 Nd4 49. Rf2 Kd7 50. Re4 Rxe4 51. fxe4 Ke7 52. g5 Nb3 53. Rc2
Nc5 54. Rc4 Kd7 55. Kf3 Ke7 56. h5 h6 57. Kg4 Kf7 58. g6+ Ke8 59. Rb4 Ke7 60.
Kf3 Kf6 61. Rb6 Ke7 62. Rb8 Kf6 63. Rf8+ Kg5 64. Rf7 Kxh5 65. Rxg7 Kg5 66. Rh7
Kf6 67. Rxh6 Nd7 68. Rh7 Nc5 69. Kg4 1-0

[Event "I Open Internacional 64 Villalba 2013"]
[Site "Collado Villalba ESP"]
[Date "2013.07.30"]
[Round "4.20"]
[White "Diaz Begonte, Manuel"]
[Black "Gallego Romero, Manuel"]
[Result "0-1"]
[WhiteElo "1851"]
[BlackElo "1542"]
[PlyCount "58"]
[EventDate "2013.07.27"]
[EventType "swiss"]
[EventRounds "9"]
[EventCountry "ESP"]
[Source "lmi"]
[SourceDate "2013.07.27"]

1. e4 e5 2. Nf3 d6 3. Bc4 h6 4. O-O Nf6 5. d3 Be7 6. Nc3 O-O 7. Qe2 Nc6 8. h3
Na5 9. Bb3 Nxb3 10. axb3 a6 11. Rd1 b5 12. Nxb5 Bxh3 13. Nxc7 Bxg2 14. Nxa8
Bxf3 15. Qxf3 Qxa8 16. Bd2 Nh7 17. Qg2 Bg5 18. Bxg5 Nxg5 19. f3 Ne6 20. Kh2 Nf4
21. Qg4 h5 22. Qh4 Qc8 23. Rd2 Kh7 24. Rg1 Rg8 25. Rg4 g5 26. Rxg5 Rxg5 27.
Qxg5 Qh3+ 28. Kg1 Qxf3 29. Rg2 Nh3+ 0-1

[Event "I Open Internacional 64 Villalba 2013"]
[Site "Collado Villalba ESP"]
[Date "2013.07.31"]
[Round "5.1"]
[White "Martinez Ayesa, Aitor"]
[Black "Sanchez Gonzalez, Sergio"]
[Result "1-0"]
[WhiteElo "1942"]
[BlackElo "2304"]
[PlyCount "100"]
[EventDate "2013.07.27"]
[EventType "swiss"]
[EventRounds "9"]
[EventCountry "ESP"]
[Source "lmi"]
[SourceDate "2013.07.27"]

1. d4 Nf6 2. Nf3 e6 3. g3 b6 4. c4 Bb7 5. Bg2 c5 6. O-O cxd4 7. Nxd4 Bxg2 8.
Kxg2 Qc7 9. b3 a6 10. Bb2 Be7 11. Nc3 O-O 12. e4 d6 13. Rc1 Nbd7 14. Qe2 Rfe8
15. Rfd1 Bf8 16. Ba3 Rac8 17. Qd2 Nc5 18. f3 Qb7 19. Nc2 b5 20. Bxc5 Rxc5 21.
Ne3 Rec8 22. Ne2 bxc4 23. Rxc4 Rxc4 24. Nxc4 d5 25. exd5 exd5 26. Ne3 Rd8 27.
Qd4 Qe7 28. Nf4 h5 29. Rd2 Rc8 30. Nexd5 Nxd5 31. Qxd5 Rc1 32. Re2 Qa7 33. Qxh5
Qg1+ 34. Kh3 Qf1+ 35. Kg4 Rc3 36. Qd5 Rc5 37. Qd7 f5+ 38. Kh4 Qxf3 39. Qe6+ Kh7
40. Qg6+ Kg8 41. Re8 Qh1 42. h3 Rc6 43. Qxf5 Rf6 44. Qd5+ Qxd5 45. Nxd5 Rf2 46.
a4 Rd2 47. Nc7 Rd4+ 48. g4 Kf7 49. Rxf8+ Kg6 50. Nxa6 Rd3 1-0

[Event "I Open Internacional 64 Villalba 2013"]
[Site "Collado Villalba ESP"]
[Date "2013.07.31"]
[Round "5.2"]
[White "Bermejo Arruego, Luis"]
[Black "Villanueva Arguinberri, Bruno"]
[Result "1-0"]
[WhiteElo "2181"]
[BlackElo "1961"]
[PlyCount "60"]
[EventDate "2013.07.27"]
[EventType "swiss"]
[EventRounds "9"]
[EventCountry "ESP"]
[Source "lmi"]
[SourceDate "2013.07.27"]

1. d4 Nf6 2. Nf3 d5 3. Bf4 Bf5 4. e3 e6 5. c4 c6 6. Nc3 Be7 7. Qb3 Qb6 8. c5
Qxb3 9. axb3 Nbd7 10. h3 h6 11. Be2 O-O 12. b4 a6 13. Nd2 Ne4 14. Ncxe4 Bxe4
15. O-O Rfe8 16. Nb3 Bg5 17. Bh2 Rec8 18. Ra3 Bd8 19. Na5 Bxa5 20. bxa5 f6 21.
Rb3 Ra7 22. Rc1 Bf5 23. Bd6 e5 24. Rcc3 Re8 25. Kf1 Nf8 26. Rb4 exd4 27. exd4
Bc8 28. Bh5 Rd8 29. Re3 Ne6 30. Be7 Rd7 1-0

[Event "I Open Internacional 64 Villalba 2013"]
[Site "Collado Villalba ESP"]
[Date "2013.07.31"]
[Round "5.3"]
[White "Aziz Ortego, Omar Luis"]
[Black "Tevar Sanz, Gonzalo"]
[Result "1-0"]
[WhiteElo "2045"]
[BlackElo "1829"]
[PlyCount "103"]
[EventDate "2013.07.27"]
[EventType "swiss"]
[EventRounds "9"]
[EventCountry "ESP"]
[Source "lmi"]
[SourceDate "2013.07.27"]

1. e4 e6 2. d4 d5 3. Nc3 Nf6 4. Bg5 Be7 5. e5 Nfd7 6. h4 c5 7. Nf3 Nc6 8. Bb5
cxd4 9. Bxc6 dxc3 10. Bxd7+ Bxd7 11. b3 Bb5 12. Qd4 f6 13. Bf4 a5 14. a4 Ba6
15. Qe3 Rc8 16. exf6 Bxf6 17. Qxe6+ Qe7 18. Qxe7+ Kxe7 19. O-O-O Rcd8 20. Bc7
Rd7 21. Rhe1+ Kf7 22. Bxa5 Re8 23. Rxe8 Kxe8 24. Nd4 Bxh4 25. Re1+ Kf7 26. g3
Re7 27. Rxe7+ Bxe7 28. Bxc3 Bg5+ 29. Kd1 Bf1 30. Nf3 Bh6 31. Ne5+ Ke6 32. Ke1
Bh3 33. Nd3 Kd6 34. Be5+ Kc6 35. Bf4 Bxf4 36. Nxf4 Bf5 37. Kd2 g5 38. Nd3 h5
39. Ne5+ Kc5 40. Nf3 g4 41. Ne5 b5 42. Nd3+ Kb6 43. axb5 Kxb5 44. Kc3 Bg6 45.
Kd4 Bf7 46. Ke5 Kc6 47. Kf6 Be8 48. Ke7 Bg6 49. Ne5+ Kc5 50. Nxg6 Kb4 51. Ne5
Kc3 52. Kf6 1-0

[Event "I Open Internacional 64 Villalba 2013"]
[Site "Collado Villalba ESP"]
[Date "2013.07.31"]
[Round "5.4"]
[White "Cano Cabanillas, Javier"]
[Black "Fernandez-Gallardo Romero, Alv"]
[Result "0-1"]
[WhiteElo "1991"]
[BlackElo "1798"]
[PlyCount "60"]
[EventDate "2013.07.27"]
[EventType "swiss"]
[EventRounds "9"]
[EventCountry "ESP"]
[Source "lmi"]
[SourceDate "2013.07.27"]

1. e4 c5 2. Nf3 d6 3. d4 cxd4 4. Nxd4 Nf6 5. Nc3 a6 6. h3 e6 7. g4 d5 8. Nde2
Bb4 9. exd5 Nxd5 10. a3 Ba5 11. b4 Bb6 12. Ne4 f5 13. gxf5 exf5 14. Bg5 Qd7 15.
N4c3 Nxc3 16. Nxc3 O-O 17. Bc4+ Kh8 18. O-O Qc6 19. Qd3 Qg6 20. Qg3 f4 21. Qg2
Bxh3 22. Qxh3 Qxg5+ 23. Kh2 f3 24. Nd5 Bd4 25. Rae1 Nc6 26. Bd3 h6 27. c4 Ne5
28. Rg1 Qd2 29. Qg3 Nxd3 30. Ne3 Nxe1 0-1

[Event "I Open Internacional 64 Villalba 2013"]
[Site "Collado Villalba ESP"]
[Date "2013.07.31"]
[Round "5.5"]
[White "Sotoca Aguado, Jose"]
[Black "Perez Marco, Ricardo"]
[Result "1/2-1/2"]
[WhiteElo "1928"]
[BlackElo "2137"]
[PlyCount "50"]
[EventDate "2013.07.27"]
[EventType "swiss"]
[EventRounds "9"]
[EventCountry "ESP"]
[Source "lmi"]
[SourceDate "2013.07.27"]

1. e4 e6 2. d4 d5 3. Nc3 dxe4 4. Nxe4 Nd7 5. Nf3 Ngf6 6. Bg5 Be7 7. Nxf6+ Bxf6
8. Bxf6 Qxf6 9. Bd3 c5 10. c3 cxd4 11. cxd4 O-O 12. O-O e5 13. Rc1 exd4 14. Re1
Rd8 15. Rc7 Nb6 16. Ne5 Be6 17. Qh5 g6 18. Qh6 Nd5 19. Rxb7 Nf4 20. Re4 Nxd3
21. Nxd3 Bd5 22. Rf4 Qxf4 23. Qxf4 Bxb7 24. h4 f5 25. Qe5 Be4 1/2-1/2

[Event "I Open Internacional 64 Villalba 2013"]
[Site "Collado Villalba ESP"]
[Date "2013.07.31"]
[Round "5.6"]
[White "Fernandez Aransay, Fernando"]
[Black "Arbunic Castro, Giovanna"]
[Result "0-1"]
[WhiteElo "1889"]
[BlackElo "2054"]
[PlyCount "108"]
[EventDate "2013.07.27"]
[EventType "swiss"]
[EventRounds "9"]
[EventCountry "ESP"]
[Source "lmi"]
[SourceDate "2013.07.27"]

1. e4 c5 2. Nf3 Nc6 3. d4 cxd4 4. Nxd4 g6 5. c4 Bg7 6. Be3 Nf6 7. Nc3 O-O 8.
Be2 d6 9. O-O Bd7 10. Rc1 Rc8 11. Kh1 Nxd4 12. Bxd4 Bc6 13. Qd3 a6 14. f4 Qa5
15. f5 b5 16. cxb5 axb5 17. a3 b4 18. axb4 Qxb4 19. Nd5 Qb7 20. fxg6 fxg6 21.
Nxf6+ exf6 22. Bf3 Rfe8 23. Rfe1 f5 24. Qc4+ Kh8 25. Bxg7+ Qxg7 26. exf5 Bxf3
27. Rxe8+ Rxe8 28. gxf3 gxf5 29. Qc3 Qxc3 30. bxc3 Rc8 31. c4 Kg7 32. Rd1 Rc6
33. Rd4 Kf6 34. f4 Ke6 35. Kg2 Ra6 36. Rd2 Ra4 37. Re2+ Kd7 38. Rc2 Kc6 39. Kg3
Kc5 40. Rf2 Rxc4 41. Kh4 d5 42. Kg5 d4 43. Kxf5 d3 44. Ke5 Rc2 45. Rf1 Re2+ 46.
Kf6 d2 47. Rd1 Rxh2 48. f5 Kc4 49. Kg7 Kc3 50. Rf1 Kc2 51. f6 d1=Q 52. Rf4 Rg2+
53. Kf7 Qd7+ 54. Kf8 Qd6+ 0-1

[Event "I Open Internacional 64 Villalba 2013"]
[Site "Collado Villalba ESP"]
[Date "2013.07.31"]
[Round "5.7"]
[White "Blanco Samaniego, Alejandro"]
[Black "Julian Serra, Rogelio"]
[Result "1-0"]
[WhiteElo "1724"]
[BlackElo "2012"]
[PlyCount "83"]
[EventDate "2013.07.27"]
[EventType "swiss"]
[EventRounds "9"]
[EventCountry "ESP"]
[Source "lmi"]
[SourceDate "2013.07.27"]

1. e4 d5 2. exd5 Nf6 3. Nc3 Nxd5 4. d4 Nxc3 5. bxc3 e5 6. dxe5 Qxd1+ 7. Kxd1
Bc5 8. f4 O-O 9. Nf3 Nc6 10. Bd3 f6 11. exf6 Rxf6 12. Rb1 Be6 13. a4 Rd8 14.
Ke2 Ba2 15. Rb5 Re6+ 16. Kf1 b6 17. g3 Ne7 18. c4 Bd4 19. Nxd4 Rxd4 20. Bb2
Rxc4 21. Bxc4 Bxc4+ 22. Kf2 Re2+ 23. Kf3 Bxb5 24. axb5 Rxc2 25. Be5 Ng6 26. Ra1
Nxe5+ 27. fxe5 Kf7 28. Rxa7 Ke6 29. Ke4 Rc5 30. h4 Rxe5+ 31. Kf4 Rc5 32. g4 Kd6
33. Ra8 Rxb5 34. Rg8 Rb4+ 35. Kg5 h6+ 36. Kh5 g6+ 37. Rxg6+ Ke7 38. Rg7+ Kf8
39. Rxc7 Rf4 40. Rc6 Kg7 41. Rg6+ Kf7 42. Rxb6 1-0

[Event "I Open Internacional 64 Villalba 2013"]
[Site "Collado Villalba ESP"]
[Date "2013.07.31"]
[Round "5.8"]
[White "Ruiz Sanchez, Roberto"]
[Black "Lozano Sanchez, Jose Antonio"]
[Result "1-0"]
[WhiteElo "1958"]
[BlackElo "1863"]
[PlyCount "51"]
[EventDate "2013.07.27"]
[EventType "swiss"]
[EventRounds "9"]
[EventCountry "ESP"]
[Source "lmi"]
[SourceDate "2013.07.27"]

1. e4 e5 2. Nf3 Nc6 3. Bb5 Bc5 4. O-O d6 5. c3 a6 6. Ba4 b5 7. Bb3 Bg4 8. d3
Nf6 9. Re1 h6 10. Nbd2 O-O 11. h3 Be6 12. Nf1 Qd7 13. Bc2 Ne7 14. a3 c6 15. d4
exd4 16. cxd4 Bb6 17. Ng3 Rad8 18. Be3 Qb7 19. Qd2 Ng6 20. Bxh6 Rfe8 21. Bxg7
Kxg7 22. Nf5+ Bxf5 23. exf5 Nd7 24. Qg5 Rg8 25. fxg6 Nf8 26. Re7 1-0

[Event "I Open Internacional 64 Villalba 2013"]
[Site "Collado Villalba ESP"]
[Date "2013.07.31"]
[Round "5.9"]
[White "Olias Munoz, Francisco"]
[Black "Herreros Ruiz, Jorge Alejandro"]
[Result "1/2-1/2"]
[WhiteElo "1958"]
[BlackElo "1461"]
[PlyCount "50"]
[EventDate "2013.07.27"]
[EventType "swiss"]
[EventRounds "9"]
[EventCountry "ESP"]
[Source "lmi"]
[SourceDate "2013.07.27"]

1. e4 c6 2. d4 d5 3. exd5 cxd5 4. c4 dxc4 5. Bxc4 Nf6 6. Nc3 e6 7. Nf3 Bd6 8.
O-O O-O 9. h3 b6 10. Be3 Bb7 11. Ne5 Nbd7 12. f4 Rc8 13. Qe2 Ne4 14. Nxe4 Bxe4
15. Rac1 Qe7 16. Ba6 Rxc1 17. Rxc1 Nxe5 18. dxe5 Bb8 19. Bc5 bxc5 20. Qxe4 Rd8
21. Qe3 Bc7 22. Bc4 Bb6 23. b3 Qd7 24. Rf1 Qd4 25. Re1 Qxe3+ 1/2-1/2

[Event "I Open Internacional 64 Villalba 2013"]
[Site "Collado Villalba ESP"]
[Date "2013.07.31"]
[Round "5.10"]
[White "Porras Fernandez, Alberto"]
[Black "Lopez Ziegler, Carlos"]
[Result "1-0"]
[WhiteElo "1668"]
[BlackElo "1966"]
[PlyCount "73"]
[EventDate "2013.07.27"]
[EventType "swiss"]
[EventRounds "9"]
[EventCountry "ESP"]
[Source "lmi"]
[SourceDate "2013.07.27"]

1. e4 Nf6 2. e5 Nd5 3. d4 Nb6 4. c4 d6 5. exd6 cxd6 6. Nc3 g6 7. Be3 Bg7 8. Rc1
Nc6 9. d5 Ne5 10. Be2 O-O 11. b3 Ned7 12. Bd4 Nf6 13. h3 Nbd7 14. Nf3 b6 15.
O-O a5 16. Re1 Nc5 17. Bd3 Bd7 18. Ne4 Ncxe4 19. Bxe4 Bh6 20. Rc3 b5 21. cxb5
Bxb5 22. Bxf6 exf6 23. Bd3 Bxd3 24. Qxd3 Qd7 25. Re4 Rfe8 26. Rec4 Qe7 27. Rc7
Qe2 28. Qxe2 Rxe2 29. Rc2 Rae8 30. Kf1 Rxc2 31. Rxc2 Rb8 32. Rc6 Bf8 33. Ra6
Rb5 34. Nd2 Rxd5 35. Nc4 Rd3 36. Ke2 Rc3 37. Kd2 1-0

[Event "I Open Internacional 64 Villalba 2013"]
[Site "Collado Villalba ESP"]
[Date "2013.07.31"]
[Round "5.11"]
[White "San Felipe Gonzalez, Tomas"]
[Black "Lopez Del Alamo, Antonio"]
[Result "0-1"]
[WhiteElo "1726"]
[BlackElo "2275"]
[PlyCount "48"]
[EventDate "2013.07.27"]
[EventType "swiss"]
[EventRounds "9"]
[EventCountry "ESP"]
[Source "lmi"]
[SourceDate "2013.07.27"]

1. d4 Nf6 2. c4 g6 3. g3 Bg7 4. Bg2 O-O 5. Nc3 d6 6. e4 e5 7. Nge2 c6 8. O-O
Qa5 9. f4 exd4 10. Nxd4 Qc5 11. Na4 Qxc4 12. b3 Qa6 13. Re1 Re8 14. Bb2 b5 15.
Nc3 Qb6 16. Kh1 Ng4 17. Re2 Qxd4 18. Qe1 Qb6 19. h3 Nf6 20. Qd1 Rd8 21. Qd2 Bb7
22. e5 Nh5 23. Kh2 Na6 24. g4 dxe5 0-1

[Event "I Open Internacional 64 Villalba 2013"]
[Site "Collado Villalba ESP"]
[Date "2013.07.31"]
[Round "5.12"]
[White "Cobo Mazorra, Alejandro"]
[Black "Ballina Amandi, Casimiro"]
[Result "0-1"]
[WhiteElo "1699"]
[BlackElo "1888"]
[PlyCount "114"]
[EventDate "2013.07.27"]
[EventType "swiss"]
[EventRounds "9"]
[EventCountry "ESP"]
[Source "lmi"]
[SourceDate "2013.07.27"]

1. Nf3 d5 2. g3 Nf6 3. Bg2 c5 4. d3 Nc6 5. O-O e6 6. Nbd2 Be7 7. Re1 O-O 8. e4
b5 9. e5 Nd7 10. Nf1 a5 11. h4 b4 12. Bf4 Ba6 13. N1d2 Qc7 14. Kh2 Rfc8 15. Ng5
Bxg5 16. hxg5 Rab8 17. Bxd5 Nf8 18. Be4 Nd4 19. Nf3 Bb7 20. Kg2 Bxe4 21. Rxe4
Qc6 22. Rc1 Qd5 23. a3 Nf5 24. Kg1 c4 25. Rxc4 Rxc4 26. dxc4 Qxc4 27. axb4 axb4
28. b3 Qe4 29. Nd2 Qd5 30. Nc4 Rd8 31. Ne3 Nxe3 32. Qxd5 Nxd5 33. Rd1 Ng6 34.
Be3 Rc8 35. Ra1 Nxe3 36. fxe3 Rb8 37. Kf2 Nxe5 38. Ke2 g6 39. e4 Rb5 40. Ke3
Kg7 41. Ra8 h6 42. Rc8 hxg5 43. Kd4 Nf3+ 44. Ke3 Ne5 45. Kd4 Kf6 46. Rc5 Nf3+
47. Kc4 Rb8 48. Rb5 Nd2+ 49. Kxb4 Rxb5+ 50. Kxb5 Nxe4 51. c4 Ke7 52. c5 Kd7 53.
Kb6 Kc8 54. b4 f5 55. b5 f4 56. c6 Nd6 57. c7 Nxb5 0-1

[Event "I Open Internacional 64 Villalba 2013"]
[Site "Collado Villalba ESP"]
[Date "2013.07.31"]
[Round "5.13"]
[White "Serrano Garcia, Vicente"]
[Black "Garcia Castineira, Ivan"]
[Result "1-0"]
[WhiteElo "1806"]
[BlackElo "1680"]
[PlyCount "85"]
[EventDate "2013.07.27"]
[EventType "swiss"]
[EventRounds "9"]
[EventCountry "ESP"]
[Source "lmi"]
[SourceDate "2013.07.27"]

1. d4 d5 2. Nf3 e6 3. Bf4 Nf6 4. e3 Nbd7 5. Nbd2 Be7 6. h3 O-O 7. Bd3 c5 8. c3
Nh5 9. Bh2 f5 10. Ne5 Nhf6 11. g4 c4 12. Bc2 Ne4 13. Nxe4 fxe4 14. O-O Nxe5 15.
Bxe5 Rf3 16. Kg2 Bd6 17. Bg3 Qc7 18. Qe1 Bxg3 19. fxg3 Rxf1 20. Qxf1 Bd7 21.
Qf4 Qb6 22. Rf1 Qd8 23. Qf7+ Kh8 24. g5 Qe8 25. Bd1 Qxf7 26. Rxf7 Bc6 27. Bg4
Re8 28. Bxe6 Kg8 29. Re7+ Kf8 30. Rxe8+ Kxe8 31. g4 a5 32. Kg3 b5 33. a3 Ke7
34. Bg8 h6 35. gxh6 gxh6 36. Kf4 Kf6 37. h4 Kg7 38. Be6 Kf6 39. Bf5 Be8 40. g5+
hxg5+ 41. hxg5+ Ke7 42. Ke5 Bf7 43. Bc8 1-0

[Event "I Open Internacional 64 Villalba 2013"]
[Site "Collado Villalba ESP"]
[Date "2013.07.31"]
[Round "5.14"]
[White "Gallego Romero, Manuel"]
[Black "Martinez Montalvo, Eduardo"]
[Result "0-1"]
[WhiteElo "1542"]
[BlackElo "1758"]
[PlyCount "50"]
[EventDate "2013.07.27"]
[EventType "swiss"]
[EventRounds "9"]
[EventCountry "ESP"]
[Source "lmi"]
[SourceDate "2013.07.27"]

1. e4 d5 2. exd5 Nf6 3. d4 Nxd5 4. c3 Nc6 5. h3 Bf5 6. Nf3 e6 7. a3 Bd6 8. Bc4
Qd7 9. O-O O-O-O 10. Bb5 h6 11. c4 Nf6 12. c5 Bxc5 13. Ne5 Qxd4 14. Qxd4 Nxd4
15. Bc4 Rhf8 16. Bf4 Nc2 17. Ra2 Rd4 18. b3 Rxf4 19. Bd3 Nd4 20. Bxf5 Rxf5 21.
Nd3 Bb6 22. b4 g5 23. Nc3 a6 24. g4 Rf3 25. Nc5 Rxc3 0-1

[Event "I Open Internacional 64 Villalba 2013"]
[Site "Collado Villalba ESP"]
[Date "2013.07.31"]
[Round "5.16"]
[White "Serrano Herreros, Victor"]
[Black "Santamaria Baeza, Adolfo"]
[Result "1-0"]
[WhiteElo "1701"]
[BlackElo "1936"]
[PlyCount "101"]
[EventDate "2013.07.27"]
[EventType "swiss"]
[EventRounds "9"]
[EventCountry "ESP"]
[Source "lmi"]
[SourceDate "2013.07.27"]

1. d4 Nf6 2. c4 e6 3. Nc3 Bb4 4. e3 Ne4 5. Nge2 O-O 6. a3 Bxc3+ 7. Nxc3 d5 8.
Nxe4 dxe4 9. Be2 Nd7 10. O-O Qg5 11. b3 b6 12. Bb2 Bb7 13. Qc2 Rad8 14. b4 c5
15. Rad1 h5 16. Rd2 cxd4 17. Bxd4 Ne5 18. Bxe5 Qxe5 19. Rxd8 Rxd8 20. Rd1 Rc8
21. Qb3 h4 22. h3 Qf6 23. Rd7 Rb8 24. a4 a6 25. b5 a5 26. Qd1 Ba8 27. Qd6 Rf8
28. Qxb6 Qa1+ 29. Bf1 Qxa4 30. Rd8 Qb4 31. Rxf8+ Qxf8 32. Qxa5 Kh7 33. b6 g6
34. c5 Bb7 35. Qc3 Qc8 36. Bb5 Bc6 37. Bxc6 Qxc6 38. Qb4 Qa8 39. b7 Qa1+ 40.
Kh2 Qe5+ 41. g3 hxg3+ 42. fxg3 Qf5 43. Qd2 Qe5 44. c6 Qc7 45. Qd7 Qa5 46. Qxf7+
Kh6 47. Qf8+ Kh7 48. Qe7+ Kh6 49. Qh4+ Kg7 50. Qxe4 Qb6 51. Qd4+ 1-0

[Event "I Open Internacional 64 Villalba 2013"]
[Site "Collado Villalba ESP"]
[Date "2013.07.31"]
[Round "5.17"]
[White "Elizondo Market, Juan Marcos"]
[Black "De Dompablo Fantova, Juan"]
[Result "1-0"]
[WhiteElo "1880"]
[BlackElo "1730"]
[PlyCount "47"]
[EventDate "2013.07.27"]
[EventType "swiss"]
[EventRounds "9"]
[EventCountry "ESP"]
[Source "lmi"]
[SourceDate "2013.07.27"]

1. e4 c5 2. Nf3 d6 3. d4 cxd4 4. Nxd4 Nf6 5. Nc3 g6 6. h3 Bg7 7. Bc4 O-O 8. O-O
Nc6 9. Nf3 Bd7 10. Re1 Rc8 11. Bb3 a6 12. Bg5 b5 13. a3 Re8 14. Qd2 Na5 15. Ba2
Nc4 16. Bxc4 Rxc4 17. Rad1 Rc6 18. e5 Rxc3 19. bxc3 h6 20. exf6 exf6 21. Rxe8+
Qxe8 22. Bxh6 Bxh6 23. Qxh6 Bc6 24. Qe3 1-0

[Event "I Open Internacional 64 Villalba 2013"]
[Site "Collado Villalba ESP"]
[Date "2013.07.31"]
[Round "5.18"]
[White "Cabrera Jimenez, Julio"]
[Black "Liceras Ruiz, Manuel"]
[Result "1-0"]
[WhiteElo "1851"]
[BlackElo "1711"]
[PlyCount "69"]
[EventDate "2013.07.27"]
[EventType "swiss"]
[EventRounds "9"]
[EventCountry "ESP"]
[Source "lmi"]
[SourceDate "2013.07.27"]

1. e4 Nf6 2. e5 Nd5 3. d4 d6 4. c4 Nb6 5. Nf3 Bg4 6. Be2 e6 7. Bf4 Be7 8. Nbd2
O-O 9. O-O d5 10. c5 N6d7 11. Bd3 Nc6 12. a3 Nxd4 13. b4 c6 14. Qb1 Nxf3+ 15.
Nxf3 f5 16. Nd4 Qc8 17. Nxe6 Rf7 18. Nd4 Nf8 19. h3 Bh5 20. Bxf5 Qe8 21. e6
Rxf5 22. Nxf5 Bg6 23. Nxe7+ Qxe7 24. Qb2 Qxe6 25. Rfe1 Qf7 26. Bd6 Re8 27. Rxe8
Qxe8 28. Qc3 Ne6 29. Qe5 Qd7 30. Re1 Bf7 31. f4 g6 32. f5 gxf5 33. Qxf5 Qe8 34.
Qf6 Qd8 35. Rxe6 1-0

[Event "I Open Internacional 64 Villalba 2013"]
[Site "Collado Villalba ESP"]
[Date "2013.07.31"]
[Round "5.19"]
[White "San Felipe Asis, Raquel"]
[Black "Martin-Consuegra Barrilero, Javier"]
[Result "1/2-1/2"]
[WhiteElo "1677"]
[BlackElo "1845"]
[PlyCount "140"]
[EventDate "2013.07.27"]
[EventType "swiss"]
[EventRounds "9"]
[EventCountry "ESP"]
[Source "lmi"]
[SourceDate "2013.07.27"]

1. e4 d6 2. d4 Nf6 3. Nc3 e5 4. dxe5 dxe5 5. Qxd8+ Kxd8 6. Nf3 Bd6 7. Bg5 Be6
8. O-O-O Nbd7 9. Bb5 h6 10. Bh4 Kc8 11. Bg3 a6 12. Bxd7+ Nxd7 13. Rd2 f6 14.
Nd5 Bxd5 15. Rxd5 Nb6 16. Rd3 g5 17. Nd2 Kd7 18. f3 Rad8 19. Rd1 Kc8 20. Bf2
Na8 21. Nc4 Be7 22. Ne3 Rxd3 23. Rxd3 c6 24. Nf5 Rh7 25. c3 Nc7 26. Bb6 Bf8 27.
Kc2 Rd7 28. a4 Ne6 29. g3 h5 30. h3 h4 31. Bf2 hxg3 32. Bxg3 Rxd3 33. Kxd3 Nc5+
34. Kc2 Kd7 35. b3 Ne6 36. h4 gxh4 37. Bxh4 Be7 38. Nxe7 Kxe7 39. b4 b5 40. a5
Kf7 41. Kd2 Nf4 42. Bg3 Ng6 43. Ke3 Ke6 44. f4 Kd6 45. f5 Nf8 46. Kd3 Ke7 47.
c4 Kf7 48. cxb5 cxb5 49. Bf2 Kg7 50. Be3 Nd7 51. Bd2 Nb8 52. Kc3 Nc6 53. Be3
Ne7 54. Bd2 Nc8 55. Kd3 Nd6 56. Be3 Nc4 57. Bc1 Kh7 58. Ke2 Nd6 59. Kd3 Nf7 60.
Ke2 Nd8 61. Kd3 Nc6 62. Kc3 Nd4 63. Be3 Nf3 64. Bc1 Nh2 65. Kd3 Ng4 66. Bd2 Nh6
67. Bc1 Nf7 68. Bd2 Nd6 69. Be3 Nc4 70. Bc1 Kg7 1/2-1/2